Normal view MARC view

Entry Personal Name

Number of records used in: 1

001 - CONTROL NUMBER

  • control field: 1238269

003 - CONTROL NUMBER IDENTIFIER

  • control field: OSt

005 - DATE AND TIME OF LATEST TRANSACTION

  • control field: 20260430150718.0

008 - FIXED-LENGTH DATA ELEMENTS

  • fixed length control field: 260430|| aca||aabn | a|a d

040 ## - CATALOGING SOURCE

  • Original cataloging agency: OSt
  • Transcribing agency: OSt

100 ## - HEADING--PERSONAL NAME

  • Personal name: Goyal Shipra Au.; Bhat Vishnu Gu.; Kulkarni Vishvas M. Gu

670 ## - SOURCE DATA FOUND

  • Source citation: Work cat.: (OSt)1850441: Goyal Shipra Au.; Bhat Vishnu Gu.; Kulkarni Vishvas M. Gu., Characterization of CcKIP1 Promoter in Arabidopsis Thaliana, and in-vitro Plant Regeneration through Somatic Embryogenesis in Cell Suspensions of Cenchrus Ciliaris L, 2024
Copyright @ Delhi University Library System